000 00380 a2200157 4500
001 152730
040 _cEscola São Tomás de Aquino
100 _aCARRASCOZA, João Anzanello
240 1 0 _aO jogo secreto do alquimistas
_lpor
245 1 0 _aO jogo secreto do alquimistas
300 _a160
362 0 _a2000
440 1 _aAtual
697 _a*LITERATURA JUVENIL
942 _cBK
999 _c152730
_d152730